00481nam a22001697a 4500003000400000008004100004082001700045100002100062245008200083260006800165300001000233502001700243650001700260650001200277650001100289650001100300OSt260429b |||||||| |||| 00| 0 eng d a634.44bJ46S aJham Kumod Kant. aStudies on the Effect of Pgr and Nutrients on Periodicity of Bearing in Mango a.- Sabour, Bhagalpurb: Bihar Agricultural College, RAUc, 1994 a161p. bPh. D.d1994 aHorticulture aMangoes aThesis aPh. D.